000
00304nam a2200133Ia 4500
005
20251222141840.0
008
251222s9999||||xx |||||||||||||| ||spa||
020
_a
978-0-230-02083-2
082
_a
428.1/S47
100
_a
Sharma, Pete
245
0
_a
Blended Learning:
264
_b
Macmillan
942
_c
LIB
999
_c
7381
_d
7381